000 00805nam a2200217 i 4500
001 180409
003 ES-MaACL
005 20250903022218.0
008 120601s1967 sp |||| | spa d
080 _a51-72:530.145(043.2)
080 _a530.145:51-72(043.2)
100 1 _aNavarro Veguillas, Luis.
_9150288
245 1 0 _aCarácter asintótico de la invariancia adiabática /
_cpor Luis Navarro Veguillas.
260 _aBarcelona :
_bUniversidad de Barcelona, Secretariado de Publicaciones, Intercambio Científico y Extensión Universitaria.,
_c[1967]
300 _a12 p. ;
_c24 cm.
502 _aTesis-Universidad Barcelona (Extracto)
650 0 7 _aFísica matemática
_2embne
_912887
710 2 _aUniversidad de Barcelona.
_97141
852 _aES-MaACL
_jE-15362(4)
999 _c180409
_d180409